Creating an environment for dynamic analysis of malicious code using a hypervisor
Gespeichert in:
| 1. Verfasser: | |
|---|---|
| Weitere Verfasser: | |
| Format: | Manuskript Buch |
| Sprache: | Slowakisch Englisch |
| Veröffentlicht: |
2025
|
| Schlagworte: | |
| Online-Zugang: | http://is.stuba.sk/zp/portal_zp.pl?podrobnosti=184819 |
| Tags: |
Keine Tags, Fügen Sie das erste Tag hinzu!
|
MARC
| LEADER | 00000ntm a22000003a 4500 | ||
|---|---|---|---|
| 001 | stuzp105875 | ||
| 003 | SK-STU | ||
| 005 | 20250607211923.2 | ||
| 007 | ta | ||
| 008 | 150427s2015----xo-----f-mn---000-0-slo-d | ||
| 040 | |a STU |b slo | ||
| 041 | 0 | |a eng | |
| 100 | 1 | |a Krkoška, Jakub |u 070400 |4 aut |U FIIT Fakulta informatiky a informačných technológií |T FIIT Ústav počítačového inžinierstva a aplikovanej informatiky |X 103007 |U I400 |Y 672 |7 103007 | |
| 242 | 0 | 1 | |a Vytvorenie prostredia pre dynamickú analýzu škodlivého kódu pomocou hypervízora |y slo |
| 245 | 1 | 0 | |a Creating an environment for dynamic analysis of malicious code using a hypervisor |
| 260 | |c 2025 | ||
| 650 | 4 | |a dynamic analysis |2 eng | |
| 650 | 4 | |a hypervisor |2 eng | |
| 650 | 4 | |a malware |2 eng | |
| 650 | 4 | |a dynamická analýza |2 slo | |
| 650 | 4 | |a hypervízor |2 slo | |
| 650 | 4 | |a malvér |2 slo | |
| 700 | 1 | |a Gajdošík, Adam |4 ths |X 96853 |7 96853 | |
| 856 | 4 | |u http://is.stuba.sk/zp/portal_zp.pl?podrobnosti=184819 | |